[Event "FRA-chT N2 2003/2004"]
[Site "FRA"]
[Date "2004.??.??"]
[Round "8.2"]
[White "Panzalovic, Srdjan"]
[Black "Del Rio Angelis, Salvador Gabriel"]
[Result "1/2-1/2"]
[WhiteElo "2421"]
[BlackElo "2504"]
[PlyCount "128"]
[EventDate "2004.10.12"]
[Source "Roberto Alvarez"]
[SourceDate "2004.09.15"]

1. Nf3 d5 2. d4 Nf6 3. c4 dxc4 4. Qa4+ c6 5. Qxc4 g6 6. Nc3 Bg7 7. e4 O-O 8. e5 Nd5 9. Nxd5 cxd5 10. Qb3 Nc6 11. h3 f6 12. exf6 exf6 13. Bb5 Re8+ 14. Be3 Qa5+ 15. Kf1 Bf5 16. h4 a6 17. Be2 Qb4 18. Qxb4 Nxb4 19. Ne1 Rac8 20. h5 Nc2 21. Nxc2 Rxc2 22. hxg6 hxg6 23. b3 g5 24. g4 Be4 25. Rh3 Bf8 26. Bf3 Kg7 27. Kg2 f5 28. Bxe4 Rxe4 29. Bxg5 Kg6 30. Bh4 Rxg4+ 31. Rg3 Bg7 32. Re1 Rxa2 33. Re6+ Kh5 34. Rxg4 fxg4 35. Bf6 Bxf6 36. Rxf6 Kg5 37. Rb6 Rd2 38. Rxb7 Rxd4 39. Rb6 Rd3 40. Rxa6 Rxb3 41. Rd6 Rd3 42. Rd8 Kf4 43. Rf8+ Ke5 44. Rg8 Rd4 45. Re8+ Kf4 46. Rf8+ Ke4 47. Re8+ Kd3 48. Rd8 Kc4 49. Rc8+ Kb5 50. Rb8+ Kc4 51. Rc8+ Kd3 52. Rd8 Ke2 53. Kg3 Kd2 54. Rd7 Ke1 55. Rd6 Ke2 56. Rd7 Kd3 57. Rd8 Kc3 58. Rd7 Kc4 59. Rc7+ Kb5 60. Rb7+ Kc5 61. Rc7+ Kd6 62. Rg7 Ke5 63. Rg5+ Kf6 64. Rxg4 Rxg4+ 1/2-1/2

[Event "Bayamo"]
[Site "Bayamo"]
[Date "1985.??.??"]
[Round "1"]
[White "Knezevic, Milorad"]
[Black "Garcia Palermo, Carlos"]
[Result "1/2-1/2"]
[WhiteElo "2405"]
[BlackElo "2520"]
[PlyCount "21"]
[EventDate "1985.??.??"]
[Source "ChessBase"]

1. d4 d5 2. Nf3 Nf6 3. c4 dxc4 4. Qa4+ c6 5. Qxc4 Bg4 6. Nbd2 Nbd7 7. g3 Bxf3 8. Nxf3 e6 9. Bg2 Bd6 10. O-O O-O 11. Rd1 1/2-1/2